Egypt in pictures / (Record no. 1152)

MARC details
000 -LEADER
fixed length control field 02206cam a22003614a 4500
005 - DATE AND TIME OF LATEST TRANSACTION
control field 20260322212049.0
008 - FIXED-LENGTH DATA ELEMENTS--GENERAL INFORMATION
fixed length control field data
010 ## - LIBRARY OF CONGRESS CONTROL NUMBER
LC control number 2001006613
020 ## - INTERNATIONAL STANDARD BOOK NUMBER
International Standard Book Number 0822503670 (lib. bdg. : alk. paper)
020 ## - INTERNATIONAL STANDARD BOOK NUMBER
International Standard Book Number 9780822503675 (lib. bdg. : alk. paper)
040 ## - CATALOGING SOURCE
Original cataloging agency DLC
Transcribing agency DLC
Modifying agency DLC
042 ## - AUTHENTICATION CODE
Authentication code lcac
-- lcac
043 ## - GEOGRAPHIC AREA CODE
Geographic area code f-ua---
050 00 - LIBRARY OF CONGRESS CALL NUMBER
Classification number DT49
Item number .Z84 2003
082 00 - DEWEY DECIMAL CLASSIFICATION NUMBER
Classification number 962
Edition information 21
092 ## - LOCALLY ASSIGNED DEWEY CALL NUMBER (OCLC)
Classification number 962 Zue 2003
001 - CONTROL NUMBER
control field data
100 1# - MAIN ENTRY--PERSONAL NAME
Personal name Zuehlke, Jeffrey,
Dates associated with a name 1968-
245 10 - TITLE STATEMENT
Title Egypt in pictures /
Statement of responsibility, etc. Jeffrey Zuehlke.
260 ## - PUBLICATION, DISTRIBUTION, ETC.
Place of publication, distribution, etc. Minneapolis :
Name of publisher, distributor, etc. Lerner Publications Co.,
Date of publication, distribution, etc. 2003.
300 ## - PHYSICAL DESCRIPTION
Extent 80 p. :
Other physical details ill. (chiefly col.), 2 col. maps ;
Dimensions 26 cm.
490 1# - SERIES STATEMENT
Series statement Visual geography series
504 ## - BIBLIOGRAPHY, ETC. NOTE
Bibliography, etc. note Includes bibliographical references and index.
505 0# - FORMATTED CONTENTS NOTE
Formatted contents note The land : the Nile River and Delta, deserts, the Aswan High Dam, climate, flora and fauna, natural resources, Cairo, port cities, secondary cities -- History and government : the Old and Middle Kingdoms, the New Kingdom, Greek and Roman rule, early Arab rulers, Mamluk and Ottoman control, Muhammad Ali Pasha and European intervention, independence, the 1952 revolution, the Suez War, unity and conflict, Anwar el-Sadat and peace with Israel, Hosni Mubarak, moving into the future, government -- The people : ethnic groups, way of life, health, education, langauge-- Cultural life : religion, architecture, literature, television and film, marriage, social life and customs, festivals and food, sports and recreation -- The Economy : agriculture, industry, transportation, trade and tourism, the future.
520 ## - SUMMARY, ETC.
Summary, etc. Discusses the physical features, history, government, people, culture, and economy of Egypt.
651 #0 - SUBJECT ADDED ENTRY--GEOGRAPHIC NAME
Geographic name Egypt
Form subdivision Juvenile literature.
651 #0 - SUBJECT ADDED ENTRY--GEOGRAPHIC NAME
Geographic name Egypt
Form subdivision Juvenile literature.
-- Juvenile literature.
651 #1 - SUBJECT ADDED ENTRY--GEOGRAPHIC NAME
Geographic name Egypt.
830 #0 - SERIES ADDED ENTRY--UNIFORM TITLE
Uniform title Visual geography series (Minneapolis, Minn.)
906 ## - LOCAL DATA ELEMENT F, LDF (RLIN)
a 7
b cbc
c orignew
d 1
e ecip
f 20
g y-gencatlg
925 0# -
-- acquire
-- 1 shelf copies
-- policy default
955 ## - COPY-LEVEL INFORMATION (RLIN)
-- lb06 2001-12-17
-- yh31 2003-01-13 to BCCD
-- lb06 2001-12-17
-- yh06 2003-01-10
-- yh31 2003-01-13 to BCCD
Holdings
Withdrawn status Lost status Damaged status Not for loan Home library Current library Shelving location Date acquired Total checkouts Full call number Barcode Date last seen Price effective from Koha item type
        Franklin Franklin General stacks 22/03/2026   962 21 BC0011190 22/03/2026 22/03/2026 Books